00640nam a2200157 a 450000100100000000500170001000800410002702000150006804000250008310000370010824501240014526000550026930000360032495201050036099900170046500004446520201002045408.0140702s2004 dr ac 000 0 spa d a9945400231 aDO-SdBNPbspacBNPHU1 aRincón, Andrea Griselda97248310aFísica 1 :bteoría y práctica /cAndrea Griselda Rincón, Julia Mery Vásquez Güichardo, Luis Antonio Angulo. aSanto Domingo :bActualidad Escolar 2000,c[200?]. a195 p. :bil., retrs. ;c28 cm. 0010718PDaPDbPDcCTd2014-07-02iLF1l0o p44465-10r2020-06-25w2020-06-25yLFPDZNo se presta c43954d43954